000 01016nam a22002778i 4500
999 _c4249
_d4249
003 OSt
005 20220321095807.0
008 800410s1981 mdua 101 0 eng d
020 _a0683065017
040 _cNLM
049 _aJHWW
_nO
050 _aRD96.4
_b.W67 1981
096 _aWO 704 I33 1979
245 0 4 _aThe Immune consequences of thermal injury /
_cJohn L. Ninnemann, editor.
260 _aBaltimore :
_bWilliams & Wilkins,
_c1981.
300 _axvi, 269 p.
_bill.
500 _aPapers presented at the First Workshop on the Immune Consequences of Thermal Injury, held at Lake Arrowhead of San Diego, Calif., December 3-6, 1979.
500 _aWorkshop sponsored by the American Burn Association and the Plastic Surgery Research Foundation of San Diego.
650 2 _aBurns
_ximmunology
_vCongresses.
700 1 _aNinnemann, John L.
710 2 2 _aAmerican Burn Association.
710 2 2 _aPlastic Surgery Research Foundation.
711 2 _n(1st :
_d1979 :
910 _a4210
942 _2lcc
_cBK
_nMM